000
00268nam a22001097a 4500
005
20251013094544.0
008
251013b |||||||| |||| 00| 0 eng d
040
_c
PK-LaNCA
082
_a
720.688
_b
MAR
245
_a
Marketing for architects and designers
942
_c
BK
999
_c
66968
_d
66968